| 000 | 01074cam a2200301 i 4500 | ||
|---|---|---|---|
| 001 | 2722746 | ||
| 003 | OSt | ||
| 005 | 20140310182038.0 | ||
| 008 | 770801s1978 enkaf b 001 0 eng | ||
| 010 | _a 77080837 | ||
| 020 |
_a088133233X : _c$15.00 |
||
| 040 |
_aDLC _cDLC _dDLC |
||
| 043 | _af-ke--- | ||
| 050 | 0 | 0 |
_aBL 2480 _b.H313 1978 |
| 082 | 0 | 0 |
_aHS 299.6 _bH24 1981 |
| 100 | 1 |
_aHarris, Grace Gredys _d1926- _910966 |
|
| 245 | 1 | 0 |
_aCasting out anger : _breligion among the Taita of Kenya / _cGrace Gredys Harris. |
| 260 |
_aCambridge ; _aNew York : _bCambridge University Press, _cc1978. |
||
| 300 |
_a193 p. : _c24 cm. |
||
| 490 | 0 | _aCambridge studies in social anthropology ; 21 | |
| 500 | _aIncludes index. | ||
| 650 | 0 |
_aTaita (African people) _xReligion. _910967 |
|
| 856 | 4 | 2 |
_3Publisher description _uhttp://www.loc.gov/catdir/enhancements/fy0739/77080837-d.html |
| 856 | 4 | 1 |
_3Table of contents only _uhttp://www.loc.gov/catdir/enhancements/fy0739/77080837-t.html |
| 906 |
_a7 _bcbc _corignew _d1 _eopcn _f19 _gy-gencatlg |
||
| 942 |
_cHS _kHS |
||
| 999 |
_c8744 _d8744 |
||